Výroba bimetalických targetov spájkovaním : Diplomová práca
Guardado en:
| Autor principal: | |
|---|---|
| Otros Autores: | |
| Formato: | Manuscrito Libro |
| Lenguaje: | eslovaco |
| Publicado: |
Trnava :
STU v Bratislave MtF KZv,
2003
|
| Materias: | |
| Etiquetas: |
Sin Etiquetas, Sea el primero en etiquetar este registro!
|
MARC
| LEADER | 00000ntm a22000003a 4500 | ||
|---|---|---|---|
| 001 | stu84604 | ||
| 005 | 20160719154807.9 | ||
| 008 | 040304s2003----xo------------------slo-d | ||
| 040 | |a STU |b slo | ||
| 041 | 0 | |a slo | |
| 044 | |a xo | ||
| 100 | 1 | |a Smatana, Gabriel |4 aut | |
| 245 | 1 | |a Výroba bimetalických targetov spájkovaním : |b Diplomová práca | |
| 260 | |a Trnava : |b STU v Bratislave MtF KZv, |c 2003 | ||
| 300 | |a 53 s | ||
| 650 | 7 | |a technológie strojárskej výroby |2 stusub | |
| 650 | 7 | |a zváranie |2 stusub | |
| 700 | 1 | |a Gatial, Martin, |d 1975- |4 xxx |u M140 |T MTF Katedra zvárania |X 2768 |U M140 |Y M140 |7 A000002768 | |
| 996 | |b 284M037744 |c M*DP-4744 |l MMSKP |s P |a 0 |w stu84604_0001 | ||